000 00639nam a2200217Ia 4500
999 _c41095
_d41095
001 7745
003 GE_BSU
005 20220923135457.0
008 181216s2000en xx |||||||||||||| ||eng||
020 _a0792357760
040 _cGE_BSU
041 _aeng
080 _a621.382.7 W-25
100 _aWan, Peng-jun
_914734
245 _aMultichannel Optical networks /
_cPeng-jun Wan
264 _aOxford :
_bKluwer Academic Publishers,
_c2000.
300 _a412 p.;
_c24 cm.
653 _aMultichannel Optical networks
653 _aმრავალარხიანი ოპტიკური ქსელები
942 _cBK
_2udc